[Event "Irkutsk Region-ch"]
[Site "Irkutsk"]
[Date "2017.10.26"]
[Round "7"]
[White "Samarin, Sergei"]
[Black "Shelk, Alexander"]
[Result "0-1"]
[WhiteElo "2023"]
[BlackElo "2291"]
[PlyCount "50"]
[EventDate "2017.10.21"]
[EventType "swiss"]
[EventRounds "9"]
[EventCountry "RUS"]
[SourceTitle "CBM 181 Extra"]
[Source "ChessBase"]
[SourceDate "2017.12.12"]
[SourceVersion "1"]
[SourceVersionDate "2017.12.12"]
[SourceQuality "1"]

1. e4 c5 2. Nf3 e6 3. d4 cxd4 4. Nxd4 a6 5. Bd3 g6 6. c4 Bg7 7. Be3 Ne7 8. Nc3 0-0 9. Qd2 d5 10. Rd1 e5 11. Nxd5 Nxd5 12. cxd5 exd4 13. Bg5 Qe8 14. 0-0 Nd7 15. Qb4 Ne5 16. Be7 Nxd3 17. Rxd3 a5 18. Qa3 Qb5 19. Bxf8 Bxf8 20. Qb3 Qxb3 21. Rxb3 Bc5 22. Rc1 b6 23. Rd3 Ba6 24. Rd2 Re8 25. d6 Kf8 0-1

[Event "Irkutsk Region-ch"]
[Site "Irkutsk"]
[Date "2017.10.22"]
[Round "2"]
[White "Grekhneva, Yana"]
[Black "Shelk, Alexander"]
[Result "0-1"]
[WhiteElo "1804"]
[BlackElo "2291"]
[PlyCount "74"]
[EventDate "2017.10.21"]
[EventType "swiss"]
[EventRounds "9"]
[EventCountry "RUS"]
[SourceTitle "CBM 181 Extra"]
[Source "ChessBase"]
[SourceDate "2017.12.12"]
[SourceVersion "1"]
[SourceVersionDate "2017.12.12"]
[SourceQuality "1"]

1. d4 d5 2. c4 e6 3. Nc3 Nf6 4. Bg5 Be7 5. cxd5 exd5 6. e3 0-0 7. Bd3 h6 8. Bh4 b6 9. Nge2 Bb7 10. 0-0 Nbd7 11. f3 c5 12. Rc1 Re8 13. Bf2 a6 14. Bb1 Bd6 15. Ng3 g6 16. Qd2 cxd4 17. Qxd4 Nc5 18. Nge2 Ne6 19. Qd2 Rc8 20. Bh4 Be7 21. Nd4 Nxd4 22. exd4 Kg7 23. Ne2 Ne4 24. fxe4 Rxc1 25. Qxc1 Bxh4 26. e5 Bg5 27. Qc3 Re7 28. Qd3 Bc8 29. Ng3 Rc7 30. Bc2 Be6 31. Ne2 Bf5 32. Rxf5 gxf5 33. Ng3 Qc8 34. Nxf5+ Kf8 35. Nd6 Qg4 36. Qh7 Qxd4+ 37. Kf1 Qxe5 0-1

[Event "Irkutsk-ch"]
[Site "Irkutsk"]
[Date "2017.03.04"]
[Round "9"]
[White "Khipkhenov, Igor"]
[Black "Shelk, Alexander"]
[Result "1-0"]
[WhiteElo "2027"]
[BlackElo "2309"]
[PlyCount "109"]
[EventDate "2017.02.04"]
[EventType "swiss"]
[EventRounds "9"]
[EventCountry "RUS"]
[SourceTitle "CBM 177 Extra"]
[Source "ChessBase"]
[SourceDate "2017.04.27"]
[SourceVersion "1"]
[SourceVersionDate "2017.04.27"]
[SourceQuality "1"]

1. c4 c5 2. Nf3 e6 3. e4 Nc6 4. Nc3 Nf6 5. Be2 Qc7 6. 0-0 a6 7. b3 Bd6 8. h3 Nd4 9. Bb2 Nxf3+ 10. Bxf3 Be5 11. Na4 Bxb2 12. Nxb2 e5 13. Na4 b5 14. Nc3 b4 15. Nd5 Qd6 16. a3 bxa3 17. b4 cxb4 18. c5 Qb8 19. d4 a5 20. Nb6 Bb7 21. dxe5 Qxe5 22. Nc4 Qxc5 23. Nd6+ Kf8 24. Nxb7 Qe5 25. Nd6 Rb8 26. Nc4 Qc5 27. Nxa5 g6 28. Nb3 Qe5 29. Qd4 d6 30. Rfd1 Qxd4 31. Rxd4 Rb6 32. Be2 Ke7 33. f3 Rc8 34. Rc4 Rxc4 35. Bxc4 Nd7 36. Kf2 Rc6 37. Nd2 Nb6 38. Bb3 Rc3 39. Ra2 Nd7 40. Ke2 Nc5 41. Bd5 Rc1 42. Nb3 Rb1 43. Nxc5 dxc5 44. Kd3 b3 45. Rxa3 Rd1+ 46. Kc3 b2 47. Kxb2 Rd2+ 48. Kc3 Rxg2 49. Ra7+ Kd6 50. Rxf7 g5 51. Rxh7 Rg3 52. Kc4 Ke5 53. h4 gxh4 54. Rh5+ Kf4 55. Rxh4+ 1-0

[Event "Irkutsk-ch"]
[Site "Irkutsk"]
[Date "2017.02.26"]
[Round "8"]
[White "Shelk, Alexander"]
[Black "Kyshtymov, Daniil"]
[Result "1-0"]
[WhiteElo "2309"]
[BlackElo "1992"]
[PlyCount "141"]
[EventDate "2017.02.04"]
[EventType "swiss"]
[EventRounds "9"]
[EventCountry "RUS"]
[SourceTitle "CBM 177 Extra"]
[Source "ChessBase"]
[SourceDate "2017.04.27"]
[SourceVersion "1"]
[SourceVersionDate "2017.04.27"]
[SourceQuality "1"]

1. d4 d5 2. c4 e6 3. Nc3 c6 4. e3 Nf6 5. Nf3 Nbd7 6. Bd3 Bd6 7. e4 dxe4 8. Nxe4 Nxe4 9. Bxe4 Nf6 10. Bc2 0-0 11. 0-0 h6 12. b3 b6 13. Bb2 Bb7 14. Qe2 Re8 15. Rad1 Qc7 16. Ne5 Rad8 17. Rd2 Bxe5 18. dxe5 Rxd2 19. Qxd2 Rd8 20. Qe3 Nd7 21. b4 c5 22. b5 Nf8 23. Bc3 Ng6 24. f3 Qe7 25. g3 Qg5 26. Qxg5 hxg5 27. Rd1 Rxd1+ 28. Bxd1 Kf8 29. Kf2 Ke7 30. Bc2 Nf8 31. Bd2 f6 32. exf6+ gxf6 33. h4 gxh4 34. gxh4 Kf7 35. f4 f5 36. a4 Kg6 37. a5 Nd7 38. a6 Ba8 39. Bc3 Kh6 40. Kg3 Kg6 41. Bd1 Be4 42. Be2 Ba8 43. h5+ Kh6 44. Kf2 Be4 45. Ke3 Ba8 46. Bd1 Be4 47. Be1 Nf6 48. Bh4 Nd7 49. Bg5+ Kg7 50. h6+ Kh7 51. Bh5 Nf8 52. Bf7 Bg2 53. Ke2 Nd7 54. Bxe6 Nf8 55. Bxf5+ Ng6 56. Kf2 Bh1 57. Ke3 Bg2 58. Ke2 Bh1 59. Ke3 Bg2 60. Be4 Bf1 61. Bd3 Bxd3 62. Kxd3 Nf8 63. f5 Kg8 64. Ke4 Kf7 65. Kd5 Nh7 66. Bd8 Ke8 67. Bxb6 Nf6+ 68. Ke6 Nd7 69. Bxa7 Nf8+ 70. Kd6 Kd8 71. b6 1-0

[Event "Irkutsk-ch"]
[Site "Irkutsk"]
[Date "2016.12.28"]
[Round "9"]
[White "Shelk, Alexander"]
[Black "Kron, Valentin"]
[Result "1/2-1/2"]
[WhiteElo "2302"]
[BlackElo "2378"]
[PlyCount "93"]
[EventDate "2016.12.16"]
[EventType "tourn"]
[EventRounds "9"]
[EventCountry "RUS"]
[SourceTitle "CBM 176 Extra"]
[Source "ChessBase"]
[SourceDate "2017.03.02"]
[SourceVersion "1"]
[SourceVersionDate "2017.03.02"]
[SourceQuality "1"]

1. d4 Nf6 2. c4 d6 3. Nf3 Nbd7 4. Nc3 e5 5. g3 Be7 6. Bg2 0-0 7. 0-0 c6 8. e4 Qc7 9. h3 a6 10. Be3 b5 11. cxb5 axb5 12. a3 Re8 13. Qb3 Ba6 14. Rfd1 Rab8 15. Rac1 Qb7 16. Bf1 Bf8 17. Ng5 Re7 18. Qc2 exd4 19. Rxd4 h6 20. Nf3 c5 21. Rxd6 Nxe4 22. Nxe4 Rxe4 23. Rd5 Nf6 24. Re5 Bd6 25. Rxe4 Qxe4 26. Bg2 Qe7 27. Nh4 Bc8 28. Ng6 Qc7 29. Nf4 c4 30. a4 g5 31. Ne2 bxa4 32. Qxa4 Rb4 33. Qa2 Be5 34. Nd4 Bd7 35. Qa3 Qb8 36. Rc2 Ra4 37. Qc3 Rb4 38. Rd2 Rb3 39. Qxc4 Rxb2 40. Rxb2 Qxb2 41. Qc5 Qb8 42. Nc6 Bxc6 43. Qxc6 Qd6 44. Qc8+ Kg7 45. Qf5 Bd4 46. Qf3 Bxe3 47. Qxe3 1/2-1/2

[Event "Irkutsk-ch"]
[Site "Irkutsk"]
[Date "2016.12.16"]
[Round "1"]
[White "Kyshtymov, Daniil"]
[Black "Shelk, Alexander"]
[Result "0-1"]
[WhiteElo "2028"]
[BlackElo "2302"]
[PlyCount "116"]
[EventDate "2016.12.16"]
[EventType "tourn"]
[EventRounds "9"]
[EventCountry "RUS"]
[SourceTitle "CBM 176 Extra"]
[Source "ChessBase"]
[SourceDate "2017.03.02"]
[SourceVersion "1"]
[SourceVersionDate "2017.03.02"]
[SourceQuality "1"]

1. e4 c5 2. Nf3 e6 3. d4 cxd4 4. Nxd4 a6 5. c4 Nf6 6. Nc3 Qc7 7. a3 b6 8. Be2 Bb7 9. Qd3 Nc6 10. f4 Nxd4 11. Qxd4 Rc8 12. Be3 Bc5 13. Qd3 e5 14. f5 Bxe3 15. Qxe3 0-0 16. 0-0 Qc5 17. Qxc5 bxc5 18. Bf3 Rfd8 19. Rad1 d6 20. Rd2 Kf8 21. g4 h6 22. h4 Ke7 23. Kf2 Nd7 24. Bd1 Nb6 25. Be2 Bc6 26. Ke3 a5 27. Nd5+ Bxd5 28. exd5 Rb8 29. Rf2 Nd7 30. Bd1 g6 31. Rf1 Rg8 32. f6+ Nxf6 33. Rdf2 Nxg4+ 34. Bxg4 Rb3+ 35. Kd2 Rxb2+ 36. Kc3 Rxf2 37. Rxf2 f5 38. Bh3 Rb8 39. a4 f4 40. Bf1 Rb1 41. Bd3 Rc1+ 42. Kd2 Rg1 43. Ke2 Kf6 44. h5 g5 45. Be4 g4 46. Rh2 Kg5 47. Kd3 Rg3+ 48. Kd2 Re3 49. Bc2 e4 50. Rf2 Kf5 51. Rg2 g3 52. Rg1 Rf3 53. Re1 Rf2+ 54. Kc3 Rxc2+ 55. Kxc2 f3 56. Kd2 Kf4 57. Rg1 e3+ 58. Kd3 f2 0-1

[Event "Irkutsk Region-ch"]
[Site "Irkutsk"]
[Date "2016.10.17"]
[Round "4.5"]
[White "Shelk, Alexander"]
[Black "Ergeshov, Timur"]
[Result "1-0"]
[WhiteElo "2301"]
[BlackElo "2221"]
[PlyCount "95"]
[EventDate "2016.10.15"]
[EventType "tourn"]
[EventRounds "9"]
[EventCountry "RUS"]
[SourceTitle "EXT 2018"]
[Source "ChessBase"]
[SourceDate "2017.10.13"]
[SourceVersion "1"]
[SourceVersionDate "2017.10.13"]
[SourceQuality "1"]

1. d4 Nf6 2. c4 e6 3. Nf3 b6 4. Bf4 Bb7 5. e3 Bb4+ 6. Nfd2 0-0 7. a3 Bxd2+ 8. Qxd2 d6 9. Nc3 Nbd7 10. Bg5 Re8 11. f3 e5 12. d5 a5 13. Qc2 Nc5 14. 0-0-0 Bc8 15. b4 axb4 16. axb4 Na6 17. Qb1 Bd7 18. Bd3 h6 19. Bh4 Ra7 20. Qb3 Qa8 21. Kb2 Nh7 22. Ra1 Nf8 23. Qa3 e4 24. Bxe4 f5 25. Bc2 Ng6 26. Bf2 Ne5 27. Qa2 c6 28. b5 cxb5 29. Nxb5 Bxb5 30. cxb5 Qd8 31. bxa6 Qf6 32. Kb1 Qg5 33. Rg1 Nd7 34. Qc4 Qf6 35. Qd4 Qf7 36. Bg3 Qe7 37. Bxf5 Nc5 38. Kb2 b5 39. Be6+ Kh8 40. Rgc1 Na4+ 41. Rxa4 bxa4 42. Bc8 Rc7 43. Rxc7 Qxc7 44. Bb7 Qd7 45. Bc6 Rb8+ 46. Ka2 Qf5 47. e4 Qg5 48. a7 1-0

[Event "Irkutsk Region-ch"]
[Site "Irkutsk"]
[Date "2016.10.15"]
[Round "1.2"]
[White "Bobarykin, Dmitry"]
[Black "Shelk, Alexander"]
[Result "0-1"]
[WhiteElo "2116"]
[BlackElo "2301"]
[PlyCount "32"]
[EventDate "2016.10.15"]
[EventType "tourn"]
[EventRounds "9"]
[EventCountry "RUS"]
[SourceTitle "EXT 2018"]
[Source "ChessBase"]
[SourceDate "2017.10.13"]
[SourceVersion "1"]
[SourceVersionDate "2017.10.13"]
[SourceQuality "1"]

1. Nf3 d5 2. c4 dxc4 3. Qa4+ c6 4. Qxc4 Nf6 5. d4 g6 6. Bf4 Bg7 7. Nc3 0-0 8. e3 Qb6 9. b3 Be6 10. Qa4 c5 11. Be2 Nc6 12. Nb5 Nd5 13. Be5 a6 14. dxc5 Qxc5 15. Qc4 Qxb5 16. Bxg7 Kxg7 0-1

[Event "EU-chT Railways USIC 19th"]
[Site "St Petersburg"]
[Date "2016.07.06"]
[Round "2.3"]
[White "Shelk, Alexander"]
[Black "Ilgner, Andreas"]
[Result "1-0"]
[WhiteElo "2301"]
[BlackElo "2180"]
[PlyCount "69"]
[EventDate "2016.07.05"]
[EventType "team-swiss"]
[EventRounds "5"]
[EventCountry "RUS"]
[SourceTitle "EXT 2020"]
[Source "ChessBase"]
[SourceDate "2019.10.17"]
[SourceVersion "1"]
[SourceVersionDate "2019.10.17"]
[SourceQuality "1"]
[WhiteTeam "Russia (rail)"]
[BlackTeam "Germany (rail)"]
[WhiteTeamCountry "RUS"]
[BlackTeamCountry "GER"]

1. d4 d5 2. c4 e6 3. Nc3 c5 4. cxd5 exd5 5. Nf3 Nc6 6. g3 Nf6 7. Bg2 Be7 8. 0-0 0-0 9. Bg5 c4 10. Ne5 Be6 11. b3 h6 12. Bxf6 Bxf6 13. Nxc6 bxc6 14. Na4 Rc8 15. Qd2 Re8 16. e3 Be7 17. Rfd1 Bg4 18. Re1 Be6 19. bxc4 dxc4 20. Rab1 Qc7 21. Qc3 Red8 22. Red1 Rb8 23. Bf1 Rxb1 24. Rxb1 Rb8 25. Rxb8+ Qxb8 26. Bxc4 Qb1+ 27. Kg2 Bg4 28. Qd3 Qc1 29. Bb3 Qe1 30. Qg6 Qe2 31. Qxf7+ Kh7 32. Qg8+ Kg6 33. Qe8+ Kf5 34. Qf7+ Ke4 35. Nc3+ 1-0

[Event "Irkutsk-ch op"]
[Site "Irkutsk"]
[Date "2016.02.28"]
[Round "6"]
[White "Ergeshov, Timur"]
[Black "Shelk, Alexander"]
[Result "1/2-1/2"]
[WhiteElo "2242"]
[BlackElo "2302"]
[PlyCount "115"]
[EventDate "2016.02.13"]
[EventType "swiss"]
[EventRounds "9"]
[EventCountry "RUS"]
[SourceTitle "EXT 2018"]
[Source "ChessBase"]
[SourceDate "2017.10.13"]
[SourceVersion "1"]
[SourceVersionDate "2017.10.13"]
[SourceQuality "1"]

1. d4 d5 2. c4 dxc4 3. Nf3 Nf6 4. e3 e6 5. Bxc4 c5 6. 0-0 a6 7. dxc5 Bxc5 8. Qxd8+ Kxd8 9. b3 Ke7 10. Ba3 Nbd7 11. Rc1 b6 12. Bxc5+ Nxc5 13. b4 Ncd7 14. Nbd2 Bb7 15. Nb3 Rhc8 16. Nfd4 g6 17. Be2 e5 18. Nc2 Nd5 19. Bf3 f5 20. Bxd5 Bxd5 21. Na3 Ke6 22. f4 Bxb3 23. axb3 b5 24. Nc2 Nf6 25. fxe5 Kxe5 26. Nd4 Rxc1+ 27. Rxc1 Nd5 28. Ra1 Nxe3 29. Nxb5 Rc8 30. Na3 f4 31. Kf2 Ke4 32. Nc4 Nxc4 33. bxc4 Rxc4 34. Rxa6 Rxb4 35. Re6+ Kf5 36. Re7 Rb2+ 37. Kf3 h5 38. Rf7+ Ke5 39. Re7+ Kf6 40. Re8 g5 41. Rh8 Rb3+ 42. Kf2 Kg6 43. Rg8+ Kf5 44. h3 Rb2+ 45. Kf1 g4 46. hxg4+ hxg4 47. Rf8+ Kg5 48. Rh8 Rb1+ 49. Ke2 g3 50. Rg8+ Kf5 51. Rf8+ Ke5 52. Re8+ Kd6 53. Rd8+ Ke7 54. Rd4 Rb2+ 55. Kf3 Rf2+ 56. Kg4 f3 57. Kxg3 Rxg2+ 58. Kxf3 1/2-1/2

[Event "Irkutsk-ch op"]
[Site "Irkutsk"]
[Date "2016.02.22"]
[Round "4"]
[White "Grekhneva, Yana"]
[Black "Shelk, Alexander"]
[Result "0-1"]
[WhiteElo "1757"]
[BlackElo "2302"]
[PlyCount "66"]
[EventDate "2016.02.13"]
[EventType "swiss"]
[EventRounds "9"]
[EventCountry "RUS"]
[SourceTitle "EXT 2018"]
[Source "ChessBase"]
[SourceDate "2017.10.13"]
[SourceVersion "1"]
[SourceVersionDate "2017.10.13"]
[SourceQuality "1"]

1. d4 d5 2. c4 dxc4 3. e3 Nf6 4. Bxc4 e6 5. Nf3 c5 6. 0-0 a6 7. a4 Nc6 8. Qe2 Be7 9. Rd1 0-0 10. Nc3 Qc7 11. Ba2 Rd8 12. b3 cxd4 13. exd4 Nxd4 14. Nxd4 Qxc3 15. Bb2 Qa5 16. Rac1 Bd7 17. Bb1 Rac8 18. Nf3 Rxc1 19. Rxc1 Bc6 20. Be5 Qb4 21. Bc2 Qg4 22. Bd1 Ba3 23. Bxf6 gxf6 24. Rc4 Qh5 25. Qc2 Qg6 26. h3 Qxc2 27. Bxc2 f5 28. Ne5 Bd5 29. Rc3 Bb4 30. Rd3 Rc8 31. Bd1 Rc3 32. Rxc3 Bxc3 33. Nd3 e5 0-1

[Event "Irkutsk-ch op"]
[Site "Irkutsk"]
[Date "2016.02.14"]
[Round "2"]
[White "Kuznetsov, Vladimir1111"]
[Black "Shelk, Alexander"]
[Result "0-1"]
[WhiteElo "2023"]
[BlackElo "2302"]
[PlyCount "84"]
[EventDate "2016.02.13"]
[EventType "swiss"]
[EventRounds "9"]
[EventCountry "RUS"]
[SourceTitle "EXT 2018"]
[Source "ChessBase"]
[SourceDate "2017.10.13"]
[SourceVersion "1"]
[SourceVersionDate "2017.10.13"]
[SourceQuality "1"]

1. d4 d5 2. c4 e6 3. Nc3 Nf6 4. Nf3 Be7 5. e3 0-0 6. Bd3 dxc4 7. Bxc4 a6 8. a4 c5 9. 0-0 Nc6 10. Ne5 cxd4 11. Nxc6 bxc6 12. exd4 a5 13. Be3 Nd5 14. Nxd5 cxd5 15. Bb5 Ba6 16. Qd3 Bxb5 17. axb5 Qb6 18. Bf4 Bf6 19. Ra4 Rfc8 20. Rfa1 h6 21. g3 g5 22. Bd2 Rab8 23. Bxa5 Qxb5 24. Qxb5 Rxb5 25. Bc3 g4 26. Kf1 Rcb8 27. Ra8 Be7 28. Rxb8+ Rxb8 29. Ra4 Kg7 30. Ke2 Kg6 31. Kd3 f6 32. f4 h5 33. Ra6 Kf5 34. Ra4 h4 35. b4 Bd6 36. Be1 Rc8 37. Ra6 Be7 38. b5 Rc1 39. Ba5 Rb1 40. b6 hxg3 41. hxg3 Rb3+ 42. Kc2 Rb5 0-1

[Event "Angarsk Golden Autumn"]
[Site "Angarsk"]
[Date "2015.10.22"]
[Round "4"]
[White "Shelk, Alexander"]
[Black "Ergeshov, Timur"]
[Result "1-0"]
[WhiteElo "2304"]
[BlackElo "2088"]
[PlyCount "77"]
[EventDate "2015.10.19"]
[EventType "tourn"]
[EventRounds "13"]
[EventCountry "RUS"]
[SourceTitle "EXT 2018"]
[Source "ChessBase"]
[SourceDate "2017.10.13"]
[SourceVersion "1"]
[SourceVersionDate "2017.10.13"]
[SourceQuality "1"]

1. d4 Nf6 2. c4 e6 3. Nf3 b6 4. g3 Ba6 5. Nbd2 c5 6. e4 cxd4 7. e5 Ng4 8. h3 Nh6 9. Bg2 Bb7 10. 0-0 Nf5 11. Re1 Nc6 12. a3 Be7 13. g4 Nh4 14. Nxh4 Bxh4 15. Ne4 Be7 16. Bg5 0-0 17. Bxe7 Qxe7 18. Nd6 Rab8 19. b4 Ba8 20. Bxc6 Bxc6 21. b5 Ba8 22. Qxd4 f6 23. Re3 fxe5 24. Qxe5 a6 25. bxa6 Bc6 26. Rb1 Qd8 27. Reb3 Ra8 28. Rxb6 Qh4 29. Qg3 Qg5 30. Qe3 Qg6 31. R1b2 h5 32. Qd4 hxg4 33. Qxg4 Qh6 34. Kh2 Rf6 35. Rb8+ Rxb8 36. Rxb8+ Kh7 37. Ne4 Rf4 38. Ng5+ Kg6 39. Qxf4 1-0

[Event "Angarsk Golden Autumn"]
[Site "Angarsk"]
[Date "2015.10.20"]
[Round "2"]
[White "Shelk, Alexander"]
[Black "Khramkov, Yury"]
[Result "1-0"]
[WhiteElo "2304"]
[BlackElo "2047"]
[PlyCount "101"]
[EventDate "2015.10.19"]
[EventType "tourn"]
[EventRounds "13"]
[EventCountry "RUS"]
[SourceTitle "EXT 2018"]
[Source "ChessBase"]
[SourceDate "2017.10.13"]
[SourceVersion "1"]
[SourceVersionDate "2017.10.13"]
[SourceQuality "1"]

1. d4 d5 2. c4 c6 3. Nc3 Nf6 4. Nf3 e6 5. e3 Nbd7 6. Qc2 Bd6 7. Bd3 0-0 8. 0-0 dxc4 9. Bxc4 b5 10. Be2 a6 11. Rd1 Qe7 12. Ng5 Bb7 13. Bf3 h6 14. Nge4 Bc7 15. Nxf6+ Nxf6 16. Bd2 Rac8 17. a3 a5 18. g3 Bd6 19. Ne4 Nxe4 20. Qxe4 f5 21. Qb1 a4 22. Qa2 Kh7 23. Bg2 Rfe8 24. b4 axb3 25. Qxb3 c5 26. Qxb5 Bxg2 27. Kxg2 cxd4 28. a4 Rb8 29. Qd3 dxe3 30. Bxe3 Qb7+ 31. Kg1 Be5 32. Ra2 Red8 33. Qe2 Qb3 34. Rxd8 Rxd8 35. a5 Qb1+ 36. Kg2 Rd1 37. a6 Rg1+ 38. Kh3 g5 39. Bxg5 hxg5 40. Qh5+ Kg7 41. Qxg5+ Kf7 42. Qh5+ Ke7 43. Qh7+ Kd6 44. Rd2+ Kc5 45. Qe7+ Kc4 46. Ra2 Qd1 47. Qxe6+ Kb4 48. Qxf5 Qf1+ 49. Kh4 Kb3 50. Qe6+ Kb4 51. Qxe5 1-0

[Event "Angarsk Golden Autumn"]
[Site "Angarsk"]
[Date "2015.10.19"]
[Round "1"]
[White "Fellenger, Alexander"]
[Black "Shelk, Alexander"]
[Result "0-1"]
[WhiteElo "2142"]
[BlackElo "2304"]
[PlyCount "94"]
[EventDate "2015.10.19"]
[EventType "tourn"]
[EventRounds "13"]
[EventCountry "RUS"]
[SourceTitle "EXT 2018"]
[Source "ChessBase"]
[SourceDate "2017.10.13"]
[SourceVersion "1"]
[SourceVersionDate "2017.10.13"]
[SourceQuality "1"]

1. e4 c5 2. Nf3 e6 3. d4 cxd4 4. Qxd4 Nc6 5. Qd3 Qc7 6. Nc3 a6 7. g3 Be7 8. Bg2 Nf6 9. 0-0 0-0 10. Bf4 d6 11. a4 Rd8 12. Rad1 Ne5 13. Qe2 h6 14. Bc1 Bd7 15. Nd4 Nc6 16. Be3 Rac8 17. f4 Nxd4 18. Rxd4 e5 19. Rd2 Be6 20. Nd5 Bxd5 21. exd5 exf4 22. Rxf4 Nd7 23. h4 Bf6 24. b3 Bc3 25. Rd1 Ne5 26. Bh3 Rb8 27. Qf2 b5 28. axb5 axb5 29. h5 Re8 30. Rf1 Re7 31. Kh1 Qb7 32. Rd1 Ra8 33. Bf5 Rae8 34. Bc1 Nd7 35. Bg4 Nf6 36. Rxf6 Bxf6 37. Bxh6 gxh6 38. Qxf6 Re1+ 39. Rxe1 Qxd5+ 40. Bf3 Rxe1+ 41. Kg2 Re2+ 42. Kh3 Qe6+ 43. Qxe6 Rxe6 44. Bc6 b4 45. Bd7 Re5 46. Kg4 Rg5+ 47. Kh4 Rc5 0-1

[Event "Shelekhov Kaskad Cup"]
[Site "Shelekhov"]
[Date "2015.09.10"]
[Round "5"]
[White "Shelk, Alexander"]
[Black "Rozhnev, Gennady"]
[Result "1-0"]
[WhiteElo "2282"]
[BlackElo "2084"]
[PlyCount "67"]
[EventDate "2015.09.03"]
[EventType "tourn"]
[EventRounds "9"]
[EventCountry "RUS"]
[SourceTitle "EXT 2016"]
[Source "ChessBase"]
[SourceDate "2015.10.08"]
[SourceVersion "1"]
[SourceVersionDate "2015.10.08"]
[SourceQuality "1"]

1. d4 d5 2. c4 Nf6 3. cxd5 Nxd5 4. e4 Nf6 5. Bd3 e6 6. Nf3 c5 7. dxc5 Bxc5 8. 0-0 Bd7 9. Nc3 Nc6 10. e5 Ng4 11. Ne4 Qb6 12. Bf4 h5 13. h3 Nh6 14. Nfd2 Be7 15. Nc4 Qc7 16. Ncd6+ Bxd6 17. Nxd6+ Kf8 18. Qxh5 Be8 19. Rfd1 f5 20. Qe2 Nf7 21. Bc4 Qe7 22. Nxf7 Kxf7 23. Rd6 Bd7 24. Rad1 Bc8 25. Qe3 Re8 26. a3 Qh4 27. Bb5 Qh5 28. Rc1 Re7 29. Be2 Qh8 30. Rcd1 Rc7 31. Bg5 Ne7 32. Rd8 Qh7 33. Bxe7 Kxe7 34. Qg5+ 1-0

[Event "Shelekhov Kaskad Cup"]
[Site "Shelekhov"]
[Date "2015.09.06"]
[Round "3"]
[White "Shelk, Alexander"]
[Black "Filippov, Stanislav"]
[Result "1-0"]
[WhiteElo "2282"]
[BlackElo "2143"]
[PlyCount "119"]
[EventDate "2015.09.03"]
[EventType "tourn"]
[EventRounds "9"]
[EventCountry "RUS"]
[SourceTitle "EXT 2016"]
[Source "ChessBase"]
[SourceDate "2015.10.08"]
[SourceVersion "1"]
[SourceVersionDate "2015.10.08"]
[SourceQuality "1"]

1. d4 Nf6 2. c4 c5 3. d5 b5 4. cxb5 a6 5. b6 d6 6. Nc3 Nbd7 7. e4 g6 8. Nf3 Bg7 9. a4 a5 10. Bb5 0-0 11. 0-0 Nxb6 12. Re1 Bg4 13. h3 Bxf3 14. Qxf3 Nfd7 15. Qe2 Rb8 16. Ra2 Qc7 17. Bg5 f6 18. Bd2 Rf7 19. Nb1 Rbf8 20. Bxa5 Qa7 21. Bc3 Bh6 22. a5 Ne5 23. b4 Na8 24. bxc5 Qxc5 25. Bd3 g5 26. Ra4 Qc8 27. Rc1 Ng6 28. Bd2 Qd7 29. Rb4 Nh4 30. g4 Ng6 31. a6 Nf4 32. Bxf4 gxf4 33. Rc6 Qa7 34. Nd2 Rb8 35. Rxb8+ Qxb8 36. Nf3 Rf8 37. Qa2 Qa7 38. Qc4 Kf7 39. Qd4 Qd7 40. Qc3 Rg8 41. Kf1 Bg7 42. Qb3 h5 43. Qb7 Qd8 44. Nd4 hxg4 45. hxg4 f5 46. Nxf5 Kf6 47. g5+ Kxg5 48. Qxe7+ Qxe7 49. Nxe7 Rd8 50. Nf5 Be5 51. Ke2 Rb8 52. Nxd6 Rb2+ 53. Kf3 Bg7 54. e5 Rb3 55. Nf7+ Kh4 56. Ke4 Nb6 57. Rg6 Bf8 58. Rg8 Bc5 59. Rh8+ Kg4 60. Be2+ 1-0

[Event "Shelekhov Kaskad Cup"]
[Site "Shelekhov"]
[Date "2015.09.05"]
[Round "2"]
[White "Bobarykin, Dmitry"]
[Black "Shelk, Alexander"]
[Result "1/2-1/2"]
[WhiteElo "2195"]
[BlackElo "2282"]
[PlyCount "152"]
[EventDate "2015.09.03"]
[EventType "tourn"]
[EventRounds "9"]
[EventCountry "RUS"]
[SourceTitle "EXT 2016"]
[Source "ChessBase"]
[SourceDate "2015.10.08"]
[SourceVersion "1"]
[SourceVersionDate "2015.10.08"]
[SourceQuality "1"]

1. c4 e5 2. Nc3 Nf6 3. g3 Nc6 4. Bg2 Bc5 5. e3 0-0 6. Nge2 d6 7. 0-0 Re8 8. d4 Bb6 9. h3 h6 10. b3 exd4 11. Nxd4 Nxd4 12. exd4 c6 13. d5 Ba5 14. Bb2 c5 15. Qc2 Bd7 16. Rfe1 a6 17. Kh2 b5 18. Rxe8+ Nxe8 19. Nd1 Qc8 20. Ne3 Bd8 21. Qe4 Bf6 22. Bxf6 Nxf6 23. Qf4 Qc7 24. g4 Re8 25. Bf3 Re5 26. Rg1 Qd8 27. cxb5 axb5 28. a4 Ne8 29. axb5 Bxb5 30. Ra1 Qb8 31. b4 g5 32. Qg3 cxb4 33. Nf5 Bd3 34. Nxh6+ Kf8 35. Bd1 Bg6 36. Qf3 Qb7 37. Bb3 Be4 38. Qg3 Bxd5 39. Nf5 Bxb3 40. Qxb3 Qe4 41. Ra4 Rb5 42. Ra7 Qe5+ 43. Kg2 d5 44. Re7 Qxe7 45. Nxe7 Kxe7 46. Qe3+ Kd7 47. Qb3 Nd6 48. f4 f6 49. fxg5 fxg5 50. h4 gxh4 51. g5 d4 52. g6 Rg5+ 53. Kh3 Rxg6 54. Qxb4 Nf5 55. Qb5+ Ke6 56. Qe8+ Kf6 57. Qd8+ Ke5 58. Qa5+ Ke4 59. Qe1+ Kf4 60. Qf2+ Ke5 61. Qe2+ Kf6 62. Qa6+ Kg5 63. Qf1 Kf6 64. Qa6+ Kg7 65. Qb7+ Kh6 66. Qe4 Rg3+ 67. Kh2 Kg5 68. Qe5 Re3 69. Qd5 Kf4 70. Qc6 Re2+ 71. Kh3 Re3+ 72. Kh2 Re2+ 73. Kh3 d3 74. Qf3+ Kg5 75. Qg3+ Kf6 76. Qxd3 Re3+ 1/2-1/2

[Event "Irkutsk Baykal op"]
[Site "Irkutsk"]
[Date "2015.07.25"]
[Round "8"]
[White "Shelk, Alexander"]
[Black "Ergeshov, Timur"]
[Result "0-1"]
[WhiteElo "2331"]
[BlackElo "2039"]
[PlyCount "120"]
[EventDate "2015.07.18"]
[EventType "swiss"]
[EventRounds "9"]
[EventCountry "RUS"]
[SourceTitle "EXT 2016"]
[Source "ChessBase"]
[SourceDate "2015.10.08"]
[SourceVersion "1"]
[SourceVersionDate "2015.10.08"]
[SourceQuality "1"]

1. d4 Nf6 2. c4 e6 3. g3 d5 4. Bg2 Be7 5. Nf3 0-0 6. 0-0 c6 7. Qc2 b6 8. Rd1 Bb7 9. Nc3 Nbd7 10. b3 Rc8 11. e4 dxe4 12. Ng5 c5 13. dxc5 bxc5 14. Ncxe4 Nxe4 15. Nxe4 Qc7 16. Bf4 e5 17. Be3 f5 18. Nc3 Bxg2 19. Kxg2 Qc6+ 20. Nd5 f4 21. Qe4 Bg5 22. gxf4 exf4 23. Bxf4 Rxf4 24. Ne7+ Bxe7 25. Qxc6 Rxc6 26. Rxd7 Bf6 27. Re1 Bd4 28. Re8+ Rf8 29. Rxf8+ Kxf8 30. Rxa7 Rg6+ 31. Kf3 Re6 32. h3 Re7 33. Ra8+ Kf7 34. Rb8 Ke6 35. Rb6+ Ke5 36. Kg3 Re6 37. Rb7 Rg6+ 38. Kf3 Rf6+ 39. Kg3 Bxf2+ 40. Kg2 Bd4 41. a3 Rf2+ 42. Kg3 Rc2 43. Rxg7 Rc3+ 44. Kg4 h5+ 45. Kxh5 Rxh3+ 46. Kg4 Rxb3 47. Re7+ Kd6 48. Ra7 Rc3 49. Kf4 Rxc4 50. a4 Be5+ 51. Ke3 Kd5 52. a5 Rc3+ 53. Kd2 Ra3 54. Kc2 Bd4 55. a6 Kc4 56. Ra8 Ra2+ 57. Kb1 Rb2+ 58. Kc1 Kd3 59. a7 Ra2 60. Rb8 Rxa7 0-1